Представление документа в формате RUSMARC

Поле Инд. ПП Название Значение
Тип записи a
Библиографический уровень a
001 _ Контрольный номер RU/REP/BASE/00010403
005 _ Дата корректировки 20181104132001.7
200 a Заглавие Классификация оснований расторжения трудового договора по инициативе работодателя
f Первые сведения об ответственности Петрушина С.Н.
b Общее обозначение материала Текст
210 d Дата издания 2015
461 _0 1 001RU/REP/BASE/00010629
1 2001
a Закон и право
463 1 20002
a №6.
v С. 96-98
1 210
d 2015
610 a Ключевые слова ТРУДОВОЕ ПРАВО РФ, ТРУДОВОЙ ДОГОВОР, ЗАКОНОТВОРЧЕСТВО, УВОЛЬНЕНИЕ, ЭКСТРЕМИЗМ
700 _1 a Фамилия Петрушина
b Имя С.Н.
901 t Тип документа b
w Контрольный № источника 7263449b07094accbe77c8ab0a387da6